[Event "4NCL/Div3/PAP vs. GUI4"]
[Site "Wokefield Park ENG"]
[Date "2007.05.05"]
[Round "9.7"]
[White "Kieran, Rosalind A"]
[Black "Sen, Subin"]
[Result "0-1"]
[WhiteElo "2048"]
[BlackElo "2016"]
[PlyCount "77"]
[EventDate "2007.05.05"]

1. e4 c5 2. Nf3 d6 3. d4 cxd4 4. Nxd4 Nf6 5. Nc3 a6 6. Be3 e5 7. Nb3 Be6 8. f3
h5 9. Qd2 Nbd7 10. Nd5 Bxd5 11. exd5 Rc8 12. c4 g6 13. Be2 Bg7 14. Rc1 b6 15.
O-O O-O 16. Bd3 Re8 17. Qf2 Nc5 18. Bc2 Qd7 19. Nd2 a5 20. b3 b5 21. Rfd1 e4
22. Nxe4 Nfxe4 23. fxe4 Nxe4 24. Bxe4 Rxe4 25. c5 dxc5 26. Rxc5 Rce8 27. d6
Rxe3 28. Rc7 Qe6 29. d7 Rd8 30. Rc8 Bf6 31. Rf1 Be7 32. Qd2 Re5 33. Qxa5 Rxc8
34. dxc8=Q+ Qxc8 35. Qd2 Bc5+ 36. Kh1 Qe8 37. Qf4 Re1 38. h3 Rxf1+ 39. Qxf1 0-1

[Event "4NCL/Div3/PAP vs. GUI4"]
[Site "Wokefield Park ENG"]
[Date "2007.05.05"]
[Round "9.8"]
[White "Hale, Stephanie"]
[Black "Barraclough, Stephanie"]
[Result "0-1"]
[WhiteElo "1625"]
[BlackElo "1877"]
[PlyCount "96"]
[EventDate "2007.05.05"]

1. e4 d6 2. d4 Nf6 3. Nc3 c6 4. Bc4 Qc7 5. Bf4 e5 6. dxe5 dxe5 7. Bg3 Bb4 8.
Qd3 Bg4 9. f3 Bh5 10. Nge2 Nbd7 11. a3 Ba5 12. O-O-O O-O-O 13. Qe3 Bb6 14. Qg5
h6 15. Qd2 Rhe8 16. Na4 Ba5 17. Qe3 b5 18. b4 Bxb4 19. axb4 bxc4 20. Kb2 Nb6
21. Ra1 Nfd7 22. Nec3 f6 23. b5 Nxa4+ 24. Rxa4 Nb6 25. Ra6 Kd7 26. bxc6+ Ke6
27. Rha1 Ra8 28. f4 Kf7 29. fxe5 fxe5 30. Rf1+ Kg8 31. Qc5 Rac8 32. Qe3 Qxc6
33. Rxa7 Bg6 34. Ra6 Rb8 35. Kc1 Qb7 36. Ra5 Qc7 37. Rc5 Qe7 38. Rc6 Red8 39.
Rxg6 Qa3+ 40. Kb1 Nd5+ 41. Nb5 Rxb5+ 42. Qb3 cxb3 43. Rxg7+ Kxg7 44. Bxe5+ Kg8
45. Bb2 bxc2+ 46. Kc1 Qxb2+ 47. Kd2 Qc3+ 48. Ke2 Qe3# 0-1

[Event "4NCL/Div3/WES2 vs. SWD2"]
[Site "Wokefield Park ENG"]
[Date "2007.05.05"]
[Round "9.1"]
[White "Lock, Gavin R"]
[Black "Trevelyan, John"]
[Result "1/2-1/2"]
[WhiteElo "2212"]
[BlackElo "2205"]
[PlyCount "72"]
[EventDate "2007.05.05"]

1. Nf3 d6 2. d4 Nf6 3. c4 Nbd7 4. Nc3 e5 5. e4 Be7 6. Be2 O-O 7. O-O c6 8. Be3
h6 9. d5 c5 10. Ne1 Ne8 11. g3 f5 12. exf5 Rxf5 13. Bg4 Rf8 14. Be6+ Kh8 15.
Nf3 Nb6 16. Bxc8 Qxc8 17. Nd2 Qh3 18. f3 Nf6 19. Qe2 Nbd7 20. Rab1 Nh7 21. Nde4
Ndf6 22. b4 cxb4 23. Rxb4 b6 24. a4 Nxe4 25. Nxe4 Nf6 26. Bd2 Nxe4 27. Qxe4 Qf5
28. Kg2 Qxe4 29. fxe4 Rxf1 30. Kxf1 Rc8 31. a5 Bd8 32. axb6 Bxb6 33. Ke2 Bc5
34. Rb1 Bd4 35. Rb4 Bc5 36. Rb1 Bd4 1/2-1/2

[Event "4NCL/Div3/WES2 vs. SWD2"]
[Site "Wokefield Park ENG"]
[Date "2007.05.05"]
[Round "9.2"]
[White "van Kemenade, Rudy (res)"]
[Black "Jenks, Bruce"]
[Result "0-1"]
[WhiteElo "2026"]
[BlackElo "2127"]
[PlyCount "108"]
[EventDate "2007.05.05"]

1. e4 c5 2. Nf3 g6 3. d4 cxd4 4. Qxd4 Nf6 5. e5 Nc6 6. Qh4 Nxe5 7. Nxe5 Qa5+ 8.
Nc3 Qxe5+ 9. Be2 Bg7 10. O-O O-O 11. Bf4 Qa5 12. Rfe1 e5 13. Bg5 Nd5 14. Ne4 b5
15. Bxb5 Qxb5 16. c4 Qa6 17. cxd5 f6 18. Bd2 Rb8 19. Bc3 d6 20. a3 Bf5 21. Bb4
Bxe4 22. Qxe4 Rfc8 23. Rac1 Kf7 24. Rc6 Rb6 25. Rec1 Rbxc6 26. dxc6 Ke6 27. h4
d5 28. Qc2 Bh6 29. Bd2 Bxd2 30. Qxd2 Rxc6 31. Rd1 Qc4 32. Qh6 Qg4 33. Rf1 Rc7
34. Qf8 Qd4 35. b4 Kf5 36. Qd8 Qc4 37. Re1 d4 38. g4+ Ke6 39. g5 fxg5 40. hxg5
d3 41. Qf6+ Kd7 42. Qg7+ Kc8 43. Qf8+ Kb7 44. Qf3+ e4 45. Rxe4 Qd5 46. Kg2 Rd7
47. Re1 Kb6 48. Qxd5 Rxd5 49. f4 Kb5 50. Kf2 d2 51. Rd1 Kc4 52. Ke2 Kc3 53. b5
Rd7 54. Ra1 Re7+ 0-1

[Event "4NCL/Div3/WES2 vs. SWD2"]
[Site "Wokefield Park ENG"]
[Date "2007.05.05"]
[Round "9.3"]
[White "Rutter, Nicholas"]
[Black "Powell, Lloyd"]
[Result "1-0"]
[WhiteElo "2177"]
[BlackElo "2166"]
[PlyCount "81"]
[EventDate "2007.05.05"]

1. e4 c5 2. Nf3 d6 3. d4 cxd4 4. Nxd4 Nf6 5. Nc3 a6 6. Bg5 e6 7. f4 Be7 8. Qf3
Qc7 9. O-O-O Nc6 10. e5 dxe5 11. Nxc6 Qxc6 12. Qxc6+ bxc6 13. fxe5 Ng4 14. Bxe7
Kxe7 15. Re1 f6 16. exf6+ gxf6 17. Be2 Rg8 18. h3 Ne5 19. g4 c5 20. Rhf1 Bb7
21. Rf2 Rac8 22. Bf1 h6 23. Bg2 Bxg2 24. Rxg2 c4 25. Ne4 h5 26. g5 fxg5 27.
Nxg5 Rxg5 28. Rxg5 Nf3 29. Ree5 Nxe5 30. Rxe5 Kf6 31. Rxh5 c3 32. bxc3 Rxc3 33.
h4 Rh3 34. a4 Ra3 35. Ra5 e5 36. h5 e4 37. Kd2 e3+ 38. Ke2 Rc3 39. h6 Rxc2+ 40.
Kxe3 Rc6 41. Rh5 1-0

[Event "4NCL/Div3/WES2 vs. SWD2"]
[Site "Wokefield Park ENG"]
[Date "2007.05.05"]
[Round "9.4"]
[White "Morris, Gareth L"]
[Black "Pleasants, Allan J"]
[Result "0-1"]
[WhiteElo "2132"]
[BlackElo "2083"]
[PlyCount "71"]
[EventDate "2007.05.05"]

1. d4 b6 2. c4 Bb7 3. Nc3 e6 4. Bf4 Bb4 5. e3 Nf6 6. Nge2 O-O 7. a3 Be7 8. Ng3
d6 9. e4 Nc6 10. d5 exd5 11. cxd5 Ne5 12. Be2 c6 13. Nf5 Re8 14. O-O Bf8 15. f3
cxd5 16. exd5 a6 17. Qd4 Rc8 18. Bg5 Ned7 19. Ne4 Re5 20. Nexd6 Bxd6 21. Nxd6
Rxe2 22. Nxb7 Rcc2 23. Bf4 Rxg2+ 24. Kh1 Qe7 25. Rae1 Rce2 26. Rc1 h6 27. Rg1
Rxg1+ 28. Qxg1 Kh7 29. d6 Qe6 30. Nd8 Qf5 31. Qg3 Nh5 32. Qg4 Qxf4 33. Qxf4
Nxf4 34. b4 Ne5 35. Rf1 Rd2 36. Nxf7 0-1

[Event "4NCL/Div3/WES2 vs. SWD2"]
[Site "Wokefield Park ENG"]
[Date "2007.05.05"]
[Round "9.5"]
[White "Pym, Thomas W"]
[Black "Brown, Alan M"]
[Result "1/2-1/2"]
[WhiteElo "2059"]
[BlackElo "2127"]
[PlyCount "72"]
[EventDate "2007.05.05"]

1. e4 e6 2. d4 d5 3. Nd2 Nf6 4. e5 Nfd7 5. c3 b6 6. f4 Ba6 7. Bxa6 Nxa6 8. Ndf3
c5 9. f5 Nc7 10. fxe6 fxe6 11. Ne2 Be7 12. O-O O-O 13. Be3 Qe8 14. Qd3 Rc8 15.
Ng5 Qh5 16. Nf4 Rxf4 17. Rxf4 Bxg5 18. Rf3 c4 19. Qe2 Bxe3+ 20. Qxe3 Rf8 21.
Rxf8+ Nxf8 22. Rf1 Na6 23. b3 cxb3 24. axb3 Nb8 25. c4 dxc4 26. bxc4 Nbd7 27.
Qa3 Qg5 28. Kh1 Qh4 29. Qd6 h6 30. h3 Qe4 31. c5 Qd3 32. Rxf8+ Nxf8 33. c6 Qf1+
34. Kh2 Qf4+ 35. Kg1 Qc1+ 36. Kh2 Qf4+ 1/2-1/2

[Event "4NCL/Div3/WES2 vs. SWD2"]
[Site "Wokefield Park ENG"]
[Date "2007.05.05"]
[Round "9.6"]
[White "Burton, Graham P"]
[Black "Clark, Ian C"]
[Result "1/2-1/2"]
[WhiteElo "2115"]
[BlackElo "2124"]
[PlyCount "32"]
[EventDate "2007.05.05"]

1. e4 c5 2. Nf3 Nc6 3. Nc3 e6 4. d4 cxd4 5. Nxd4 Bb4 6. Ndb5 Nf6 7. Bg5 O-O 8.
a3 Bxc3+ 9. Nxc3 Qa5 10. Bxf6 gxf6 11. Bd3 Ne5 12. O-O Nxd3 13. Qxd3 Kh8 14.
Qd6 Rg8 15. f4 b6 16. f5 Ba6 1/2-1/2

[Event "4NCL/Div3/WES2 vs. SWD2"]
[Site "Wokefield Park ENG"]
[Date "2007.05.05"]
[Round "9.7"]
[White "Gregory, Keith D"]
[Black "Bennion, David A"]
[Result "1-0"]
[WhiteElo "2079"]
[BlackElo "2106"]
[PlyCount "47"]
[EventDate "2007.05.05"]

1. Nf3 d5 2. g3 Nf6 3. Bg2 c5 4. O-O Nc6 5. d4 e6 6. c4 cxd4 7. Nxd4 Bc5 8. Nb3
Be7 9. cxd5 Nxd5 10. Nc3 Nxc3 11. Qxd8+ Bxd8 12. bxc3 Bf6 13. Ba3 Bd7 14. Rfd1
O-O-O 15. Bd6 b6 16. Rac1 a5 17. Nd2 Ne5 18. f4 Nc6 19. Ne4 Rhe8 20. Rb1 e5 21.
Rxb6 Re6 22. f5 Rxd6 23. Nxd6+ Kc7 24. Rb7# 1-0

[Event "4NCL/Div3/WES2 vs. SWD2"]
[Site "Wokefield Park ENG"]
[Date "2007.05.05"]
[Round "9.8"]
[White "van Kemenade, Julie"]
[Black "Moore, Gillian A"]
[Result "1/2-1/2"]
[WhiteElo "1925"]
[BlackElo "1915"]
[PlyCount "52"]
[EventDate "2007.05.05"]

1. e4 Nf6 2. d3 e5 3. g3 d5 4. Nd2 dxe4 5. dxe4 Bc5 6. Bg2 O-O 7. Ngf3 Nc6 8.
O-O Be6 9. c3 Qe7 10. Qe2 a6 11. a4 Rfd8 12. Nc4 Bxc4 13. Qxc4 Rd7 14. Bh3 Rdd8
15. Bg5 Bb6 16. Nh4 Qc5 17. Qe2 Ne7 18. Bxf6 gxf6 19. Qh5 Ng6 20. Nf5 Qf8 21.
Nh6+ Kg7 22. Ng4 Rd6 23. Nh6 Rd2 24. Rad1 Rad8 25. Rxd2 Rxd2 26. Ng4 Rd6
1/2-1/2

[Event "4NCL/Div3/BRI2 vs. FCA1"]
[Site "Wokefield Park ENG"]
[Date "2007.05.05"]
[Round "9.1"]
[White "Timmins, Chris P"]
[Black "Hetey, Laszlo"]
[Result "0-1"]
[WhiteElo "2105"]
[BlackElo "2344"]
[PlyCount "82"]
[EventDate "2007.05.05"]

1. e4 c5 2. Nc3 e6 3. Nf3 Nc6 4. d4 cxd4 5. Nxd4 d6 6. Be3 Nf6 7. Bc4 a6 8. Qe2
Qc7 9. O-O-O Na5 10. Bb3 b5 11. f3 Nxb3+ 12. axb3 Be7 13. g4 b4 14. Na4 Bb7 15.
Kb1 Nd7 16. Rhe1 O-O 17. g5 Nc5 18. h4 Rfc8 19. Bc1 Qa5 20. h5 Nxa4 21. bxa4
Qxa4 22. g6 Qe8 23. h6 fxg6 24. Nxe6 gxh6 25. e5 Qf7 26. Nd4 dxe5 27. Qxe5 Bf6
28. Qh2 Rd8 29. Qg1 h5 30. Nf5 Kh8 31. Nd6 Qg7 32. f4 b3 33. cxb3 Bf3 34. Rd3
Bg4 35. Ka2 Qc7 36. Red1 Qa5+ 37. Kb1 Rxd6 38. Rxd6 Bf5+ 39. R1d3 Rd8 40. b4
Bxd3+ 41. Rxd3 Qf5 0-1

[Event "4NCL/Div3/BRI2 vs. FCA1"]
[Site "Wokefield Park ENG"]
[Date "2007.05.05"]
[Round "9.2"]
[White "Kenworthy, Gary"]
[Black "Curtis, John"]
[Result "1-0"]
[WhiteElo "2299"]
[BlackElo "2121"]
[PlyCount "111"]
[EventDate "2007.05.05"]

1. e4 d6 2. Nc3 c6 3. g3 e5 4. Bg2 Nf6 5. d4 Be7 6. a4 O-O 7. Nge2 b6 8. h3 Re8
9. Be3 Nbd7 10. O-O Bf8 11. Qd2 Bb7 12. d5 cxd5 13. exd5 a6 14. g4 h6 15. Ng3
Rc8 16. Rfd1 Qc7 17. Ra3 Nh7 18. Nge4 Nc5 19. Nxc5 bxc5 20. a5 Be7 21. Na4 Bg5
22. Nb6 Rb8 23. Be4 g6 24. h4 Bxe3 25. Qxe3 Kg7 26. Kg2 Nf6 27. f3 Bc8 28. Kg3
Nd7 29. Nc4 Rb5 30. b3 Nf6 31. c3 Rb8 32. h5 Nxe4+ 33. fxe4 Qd7 34. Qf3 gxh5
35. gxh5 Rg8 36. Rg1 Kh7+ 37. Kf2 Rxg1 38. Kxg1 Qe7 39. Ne3 Bd7 40. Kf1 Rg8 41.
Ra2 Qh4 42. Rf2 Bh3+ 43. Ke2 Rg3 44. Qxf7+ Rg7 45. Qf3 Rg3 46. Nf5 Rxf3 47.
Nxh4 Rxc3 48. Rf7+ Kg8 49. Rf6 Rxb3 50. Rxd6 Bg4+ 51. Kd2 Bxh5 52. Rxh6 Be8 53.
Rxa6 Rb4 54. Nf5 Rxe4 55. Ra8 Kf7 56. Nd6+ 1-0

[Event "4NCL/Div3/BRI2 vs. FCA1"]
[Site "Wokefield Park ENG"]
[Date "2007.05.05"]
[Round "9.3"]
[White "Collier, David O"]
[Black "Tippleston, Charles"]
[Result "1/2-1/2"]
[WhiteElo "2150"]
[BlackElo "2191"]
[PlyCount "120"]
[EventDate "2007.05.05"]

1. d4 d5 2. c4 c6 3. Nf3 Nf6 4. Bg5 dxc4 5. e3 Ne4 6. Bf4 b5 7. Be2 e6 8. O-O
Bb7 9. a4 a6 10. Qc2 Nf6 11. Nbd2 Be7 12. Ne5 O-O 13. Bf3 Nd5 14. Bg3 f6 15.
Bxd5 Qxd5 16. Nef3 Nd7 17. e4 Qh5 18. b3 cxb3 19. Nxb3 Rac8 20. Qe2 Nb6 21. Na5
Ba8 22. axb5 cxb5 23. Rfb1 Rfd8 24. Nb3 Na4 25. Rc1 Qe8 26. Bc7 Rd7 27. Ba5 Rb7
28. Nfd2 Qd7 29. h4 Rbb8 30. h5 Rxc1+ 31. Rxc1 Rc8 32. h6 g6 33. Rxc8+ Qxc8 34.
f3 Bf8 35. Qe3 Bc6 36. Qf4 Be7 37. Nf1 Be8 38. Ne3 g5 39. Qg3 Bg6 40. d5 e5 41.
Qg4 Qxg4 42. Nxg4 Kf7 43. Bc7 Nc5 44. Na5 Nd7 45. Kf1 f5 46. exf5 Bxf5 47.
Nxe5+ Nxe5 48. Bxe5 Ke8 49. Ke2 Kd7 50. Nb3 Bg6 51. Ke3 Bb4 52. Kd4 a5 53. Nc5+
Bxc5+ 54. Kxc5 Bd3 55. g3 Be2 56. f4 gxf4 57. gxf4 Bd3 58. Kd4 Bc2 59. Kc5 Bd3
60. Kd4 Bc2 1/2-1/2

[Event "4NCL/Div3/BRI2 vs. FCA1"]
[Site "Wokefield Park ENG"]
[Date "2007.05.05"]
[Round "9.4"]
[White "Macdonald-Ross, Michael"]
[Black "Humphreys, Jerry"]
[Result "1-0"]
[WhiteElo "2136"]
[BlackElo "2116"]
[PlyCount "81"]
[EventDate "2007.05.05"]

1. d4 Nf6 2. Nf3 g6 3. Bf4 Bg7 4. e3 O-O 5. Be2 d5 6. O-O Nbd7 7. Nbd2 c5 8. c3
Re8 9. Ne5 Ne4 10. Nxe4 dxe4 11. Nxd7 Bxd7 12. dxc5 Rc8 13. Qd5 Bc6 14. Qxd8
Rexd8 15. Rfd1 Rf8 16. Bc4 Kh8 17. h3 a5 18. a4 e5 19. Bh2 f5 20. b4 f4 21. Be6
Rc7 22. Ra2 Re7 23. Bb3 Bh6 24. Re2 Bd7 25. Rd6 Bf5 26. Re1 Kg7 27. Bd5 g5 28.
b5 g4 29. hxg4 Bxg4 30. exf4 exf4 31. Rxe4 Rfe8 32. f3 Bf5 33. Rxe7+ Rxe7 34.
Kf2 Bg5 35. Be4 Bxe4 36. fxe4 Rxe4 37. Rd4 Re5 38. Rc4 Be7 39. Bxf4 Bxc5+ 40.
Kf3 Rf5 41. g4 1-0

[Event "4NCL/Div3/BRI2 vs. FCA1"]
[Site "Wokefield Park ENG"]
[Date "2007.05.05"]
[Round "9.5"]
[White "Richardt, Mike"]
[Black "Constantinou, Peter"]
[Result "0-1"]
[WhiteElo "2090"]
[BlackElo "2174"]
[PlyCount "88"]
[EventDate "2007.05.05"]

1. d4 d5 2. c4 dxc4 3. Nc3 a6 4. a4 Nc6 5. e3 Na5 6. Nf3 Bg4 7. h3 Bxf3 8. Qxf3
e6 9. Bd2 Nf6 10. Rc1 c6 11. Be2 Bb4 12. O-O Nb3 13. Rc2 Nxd2 14. Rxd2 Bxc3 15.
bxc3 Qd5 16. Qf4 O-O 17. Rb2 b5 18. Bf3 Qd7 19. e4 Rab8 20. g4 Qe7 21. Rfb1 e5
22. Qxe5 Qxe5 23. dxe5 Nd7 24. Be2 g5 25. Kg2 Nxe5 26. Kg3 Rbd8 27. axb5 axb5
28. Ra2 Ng6 29. Ra6 Rd2 30. Bf1 Rc8 31. Re1 Kg7 32. e5 Nf4 33. h4 h6 34. h5 Rc2
35. Re3 Nd5 36. Re1 Rxc3+ 37. Kh2 Rc2 38. Kg3 Nf4 39. Bg2 Ne2+ 40. Kh3 Nd4 41.
Kg3 b4 42. Be4 Rd2 43. Bf5 Rc7 44. e6 fxe6 0-1

[Event "4NCL/Div3/BRI2 vs. FCA1"]
[Site "Wokefield Park ENG"]
[Date "2007.05.05"]
[Round "9.6"]
[White "Smith, Graham"]
[Black "Lawson, James C"]
[Result "1-0"]
[WhiteElo "2135"]
[BlackElo "2056"]
[PlyCount "93"]
[EventDate "2007.05.05"]

1. e4 d6 2. d4 Nd7 3. f4 c6 4. Nf3 g6 5. Bd3 Bg7 6. c3 Ngf6 7. Qe2 Nb6 8. O-O
d5 9. e5 Ng8 10. Be3 Bg4 11. h3 Bxf3 12. Qxf3 e6 13. Nd2 h5 14. Bf2 Nh6 15. g4
hxg4 16. hxg4 Qd7 17. Kg2 O-O-O 18. Rh1 f5 19. Bh4 fxg4 20. Qf2 Qf7 21. Bxd8
Kxd8 22. Qh4+ Kc8 23. Qg5 Rf8 24. Rxh6 Bxh6 25. Qxh6 Qxf4 26. Qxf4 Rxf4 27. Rf1
Rxf1 28. Kxf1 Na4 29. Bxg6 Nxb2 30. Bc2 c5 31. Kf2 Kd7 32. Kg3 cxd4 33. cxd4 b5
34. Kxg4 a5 35. Kf4 Ke7 36. Ke3 Kd7 37. Nb3 Nc4+ 38. Kd3 b4 39. Nc5+ Ke7 40.
Ba4 Nb6 41. Bb5 Na8 42. Kc2 Nb6 43. Kb3 Kf7 44. Bd7 Nxd7 45. Nxd7 Kg6 46. Ka4
Kf5 47. Nc5 1-0

[Event "4NCL/Div3/BRI2 vs. FCA1"]
[Site "Wokefield Park ENG"]
[Date "2007.05.05"]
[Round "9.7"]
[White "Owens, Megan"]
[Black "Reuben, Stewart"]
[Result "1-0"]
[WhiteElo "1760"]
[BlackElo "2146"]
[PlyCount "63"]
[EventDate "2007.05.05"]

1. d4 Nf6 2. Nf3 c5 3. d5 e6 4. Nc3 d6 5. Bg5 Be7 6. Qd2 O-O 7. e3 h6 8. Bxf6
Bxf6 9. Rb1 e5 10. Ne4 Be7 11. Ng3 f5 12. e4 f4 13. Ne2 Bg4 14. c4 Na6 15. a3
Nc7 16. Nc3 a5 17. Be2 Qe8 18. h3 Bd7 19. O-O Rb8 20. b4 axb4 21. axb4 cxb4 22.
Rxb4 Na6 23. Rb2 Nc5 24. Ne1 Qg6 25. Kh2 Nxe4 26. Nxe4 Qxe4 27. Bd3 Qd4 28. Nf3
Qc5 29. Rfb1 b6 30. Qe2 b5 31. cxb5 Qxd5 32. Bc4 1-0

[Event "4NCL/Div3/KHE vs. GUI4"]
[Site "Wokefield Park ENG"]
[Date "2007.05.07"]
[Round "11.1"]
[White "Berry, Stephen H"]
[Black "Punnett, Alan K"]
[Result "1-0"]
[WhiteElo "2379"]
[BlackElo "2123"]
[PlyCount "83"]
[EventDate "2007.05.07"]
[EventType "team"]
[EventRounds "11"]
[EventCountry "ENG"]
[WhiteTeam "Kings Head"]
[BlackTeam "Guildford-ADC 4"]

1. e4 e6 2. d4 d5 3. e5 c5 4. c3 Nc6 5. Nf3 Bd7 6. Be2 Nge7 7. O-O Ng6 8. Be3
Be7 9. g3 O-O 10. h4 b6 11. Na3 a6 12. Nc2 c4 13. Qd2 b5 14. h5 Nh8 15. Bf4 a5
16. Ne3 f6 17. h6 g5 18. exf6 gxf4 19. fxe7 Qxe7 20. Ng4 Ng6 21. Rae1 Qd6 22.
Kg2 Rae8 23. Bd1 e5 24. Nfxe5 Ncxe5 25. dxe5 Nxe5 26. Nxe5 Rxe5 27. Rxe5 Qxe5
28. Bf3 d4 29. Re1 Qf6 30. Bd5+ Kh8 31. Qxd4 Qxd4 32. cxd4 Rf5 33. Bf3 b4 34.
Re7 Bb5 35. Rb7 Kg8 36. d5 Ba4 37. Rg7+ Kf8 38. Rxh7 fxg3 39. fxg3 c3 40. bxc3
bxc3 41. Rc7 c2 42. h7 1-0

[Event "4NCL/Div3/KHE vs. GUI4"]
[Site "Wokefield Park ENG"]
[Date "2007.05.07"]
[Round "11.2"]
[White "Stimpson, Philip M"]
[Black "Whiteley, Andrew"]
[Result "0-1"]
[WhiteElo "2097"]
[BlackElo "2246"]
[PlyCount "84"]
[EventDate "2007.05.07"]
[EventType "team"]
[EventRounds "11"]
[EventCountry "ENG"]
[WhiteTeam "Guildford-ADC 4"]
[BlackTeam "Kings Head"]

1. e4 e6 2. d4 d5 3. Bd3 dxe4 4. Bxe4 c5 5. Ne2 Nf6 6. Bf3 Nc6 7. Be3 Nd5 8.
Bxd5 Qxd5 9. O-O Nxd4 10. Nxd4 cxd4 11. Qxd4 Qxd4 12. Bxd4 Bd7 13. Nc3 Bc6 14.
f3 f6 15. Ne4 e5 16. Bc5 Bxc5+ 17. Nxc5 Ke7 18. Rfd1 Rac8 19. Nd3 a5 20. Rd2 h5
21. h4 Rhd8 22. Rad1 Rd4 23. Nc5 Bxf3 24. Rxd4 Bxd1 25. Rd7+ Ke8 26. Rxd1 Rxc5
27. c3 Ke7 28. Kf2 Ke6 29. Ke3 Rd5 30. Rf1 f5 31. Rf2 Rd1 32. b3 f4+ 33. Ke4
Re1+ 34. Kd3 Kf5 35. Kc4 e4 36. Rd2 e3 37. Rd5+ Ke6 38. Kc5 Rc1 39. Rd6+ Ke7
40. Rd4 Rxc3+ 41. Kb5 Rc6 42. Rxf4 e2 0-1

[Event "4NCL/Div3/KHE vs. GUI4"]
[Site "Wokefield Park ENG"]
[Date "2007.05.07"]
[Round "11.3"]
[White "Kwiatkowski, Feliks J"]
[Black "Howell, Christopher"]
[Result "1-0"]
[WhiteElo "2246"]
[BlackElo "2112"]
[PlyCount "49"]
[EventDate "2007.05.07"]
[EventType "team"]
[EventRounds "11"]
[EventCountry "ENG"]
[WhiteTeam "Kings Head"]
[BlackTeam "Guildford-ADC 4"]

1. e4 c5 2. Nf3 Nc6 3. d4 cxd4 4. Nxd4 Nf6 5. Nc3 e5 6. Ndb5 d6 7. Bg5 a6 8.
Na3 b5 9. Nd5 Qa5+ 10. Bd2 Qd8 11. c4 bxc4 12. Nxf6+ Qxf6 13. Bxc4 Qg6 14. Bd5
Bd7 15. O-O Be7 16. Rc1 Rc8 17. Rc3 h5 18. Rg3 Qh7 19. Nc4 Nd4 20. Nb6 Bb5 21.
Nxc8 Ne2+ 22. Kh1 Nxg3+ 23. fxg3 h4 24. Bxf7+ Kd8 25. Ba5+ 1-0

[Event "4NCL/Div3/KHE vs. GUI4"]
[Site "Wokefield Park ENG"]
[Date "2007.05.07"]
[Round "11.4"]
[White "Shepley, Julien M"]
[Black "Sandu, Mihaela"]
[Result "0-1"]
[WhiteElo "2114"]
[BlackElo "2226"]
[PlyCount "156"]
[EventDate "2007.05.07"]
[EventType "team"]
[EventRounds "11"]
[EventCountry "ENG"]
[WhiteTeam "Guildford-ADC 4"]
[BlackTeam "Kings Head"]

1. d4 Nf6 2. Bg5 Ne4 3. Bf4 c5 4. d5 d6 5. f3 Nf6 6. c4 g6 7. Nc3 Bg7 8. e4 O-O
9. Qd2 a6 10. a4 Nbd7 11. Nh3 Ne5 12. Nf2 Nh5 13. Bh6 f5 14. Bxg7 Nxg7 15. Be2
f4 16. Ncd1 Bd7 17. a5 b6 18. axb6 Qxb6 19. Qc3 a5 20. Nd3 Nxd3+ 21. Bxd3 Qb4
22. O-O Rfb8 23. Rf2 Qxc3 24. Nxc3 Rb4 25. Rd2 Kf7 26. e5 Bf5 27. Bf1 dxe5 28.
Re1 Rab8 29. Nb5 Kf6 30. d6 exd6 31. Rxd6+ Be6 32. Nc7 Ke7 33. Rc6 Bxc4 34.
Rxc5 Bxf1 35. Rexe5+ Kf6 36. Kxf1 Rxb2 37. Re1 Nf5 38. Nd5+ Kg5 39. Nxf4 Kxf4
40. Re4+ Kg5 41. g4 Rxh2 42. Kg1 Rd2 43. Re1 Rb3 44. gxf5 gxf5 45. f4+ Kg4 46.
Rxa5 Rg3+ 47. Kf1 Rf3+ 48. Kg1 Rxf4 49. Ra7 h5 50. Rg7+ Kh4 51. Ra7 Rff2 52.
Re5 Kg4 53. Rg7+ Kh4 54. Rg8 Rf4 55. Rh8 Rf3 56. Re7 Ra3 57. Re1 f4 58. Kf1
Raa2 59. Rh7 Rf2+ 60. Kg1 Rg2+ 61. Kh1 Rh2+ 62. Kg1 Rag2+ 63. Kf1 Kg3 64. Rg7+
Kf3 65. Rxg2 Rxg2 66. Ra1 Rf2+ 67. Kg1 Re2 68. Ra8 Re1+ 69. Kh2 Kf2 70. Ra5 f3
71. Rxh5 Re8 72. Rh7 Ke2 73. Ra7 f2 74. Ra2+ Kf3 75. Ra3+ Re3 76. Ra1 Re1 77.
Ra3+ Ke4 78. Ra4+ Kd5 0-1

[Event "4NCL/Div3/KHE vs. GUI4"]
[Site "Wokefield Park ENG"]
[Date "2007.05.07"]
[Round "11.5"]
[White "Okike, David C"]
[Black "Dreczkowski, Ryszard"]
[Result "1-0"]
[WhiteElo "2180"]
[BlackElo "2065"]
[PlyCount "35"]
[EventDate "2007.05.07"]
[EventType "team"]
[EventRounds "11"]
[EventCountry "ENG"]
[WhiteTeam "Kings Head"]
[BlackTeam "Guildford-ADC 4"]

1. e4 Nf6 2. Nc3 d5 3. e5 Nfd7 4. f4 e6 5. d4 c5 6. Nf3 Nc6 7. Be3 Be7 8. Qd2
a6 9. Be2 cxd4 10. Nxd4 Nxd4 11. Bxd4 b5 12. Bf3 b4 13. Na4 O-O 14. f5 Bh4+ 15.
g3 Qa5 16. gxh4 Qxa4 17. f6 gxf6 18. Rg1+ 1-0

[Event "4NCL/Div3/KHE vs. GUI4"]
[Site "Wokefield Park ENG"]
[Date "2007.05.07"]
[Round "11.6"]
[White "Deswarte, Ian"]
[Black "McMichael, Richard"]
[Result "0-1"]
[WhiteElo "1920"]
[BlackElo "2260"]
[PlyCount "98"]
[EventDate "2007.05.07"]
[EventType "team"]
[EventRounds "11"]
[EventCountry "ENG"]
[WhiteTeam "Guildford-ADC 4"]
[BlackTeam "Kings Head"]

1. e4 e6 2. d4 d5 3. Nc3 Bb4 4. e5 c5 5. a3 Ba5 6. Bd2 Nc6 7. Nf3 cxd4 8. Nb5
Bb6 9. Nd6+ Kf8 10. Nxc8 Rxc8 11. Bd3 Nge7 12. O-O Ng6 13. Re1 Bc7 14. Bg5 Qd7
15. Bxg6 hxg6 16. Bf4 Bb6 17. Qd3 Kg8 18. Rad1 Qe7 19. Bc1 Rh5 20. b4 a5 21. b5
Na7 22. Bb2 Rc4 23. Bxd4 Bc5 24. a4 Nc8 25. Bxc5 Qxc5 26. Nd4 Rxa4 27. Nxe6
fxe6 28. Qxg6 Rh6 29. Qe8+ Kh7 30. Rd3 Rf4 31. Rf1 Qf8 32. Qxf8 Rxf8 33. Ra1 b6
34. Rc3 Na7 35. Rb1 Rc8 36. Rbb3 Rxc3 37. Rxc3 Nxb5 38. Rb3 Nd4 39. Rxb6 Kg6
40. f4 Kf5 41. g3 Ke4 42. Kg2 Nxc2 43. Ra6 Ne3+ 44. Kg1 Rh8 45. Rxa5 Rc8 46.
Ra6 d4 47. Rxe6 Rc1+ 48. Kf2 Rf1+ 49. Ke2 d3+ 0-1

[Event "4NCL/Div3/KHE vs. GUI4"]
[Site "Wokefield Park ENG"]
[Date "2007.05.07"]
[Round "11.7"]
[White "Ward, Julian T"]
[Black "Gibbs, Daniel"]
[Result "1/2-1/2"]
[WhiteElo "2200"]
[BlackElo "1985"]
[PlyCount "52"]
[EventDate "2007.05.07"]
[EventType "team"]
[EventRounds "11"]
[EventCountry "ENG"]
[WhiteTeam "Kings Head"]
[BlackTeam "Guildford-ADC 4"]

1. Nf3 g6 2. d4 Bg7 3. g3 d6 4. Bg2 Nf6 5. O-O O-O 6. c4 Nc6 7. Nc3 a6 8. d5
Na5 9. Nd2 c5 10. Rb1 Bh6 11. b3 Bd7 12. e4 b5 13. cxb5 axb5 14. b4 cxb4 15.
Rxb4 Qc7 16. Ncb1 Rfc8 17. Bb2 Qc5 18. a3 Nc4 19. Nxc4 bxc4 20. Bd4 Qa5 21. Qc2
Ba4 22. Qc3 Bb3 23. f3 Ba2 24. Bh3 Rf8 25. a4 Bg7 26. Bb6 Nxd5 1/2-1/2

[Event "4NCL/Div3/KHE vs. GUI4"]
[Site "Wokefield Park ENG"]
[Date "2007.05.07"]
[Round "11.8"]
[White "Hale, Stephanie"]
[Black "Thomas, Richard H"]
[Result "0-1"]
[WhiteElo "1625"]
[BlackElo "2183"]
[PlyCount "100"]
[EventDate "2007.05.07"]
[EventType "team"]
[EventRounds "11"]
[EventCountry "ENG"]
[WhiteTeam "Guildford-ADC 4"]
[BlackTeam "Kings Head"]

1. e4 Nc6 2. Nf3 g6 3. Nc3 Bg7 4. Bc4 d6 5. d3 Nf6 6. Be3 Bg4 7. Qd2 Bxf3 8.
gxf3 Ne5 9. O-O-O Nxf3 10. Qe2 Ne5 11. Bb3 O-O 12. Rdg1 c5 13. f4 Nc6 14. f5
Nd4 15. Qf2 Nxb3+ 16. cxb3 Kh8 17. h4 Nh5 18. Qd2 Rg8 19. Ne2 e6 20. fxg6 fxg6
21. Nf4 Nxf4 22. Bxf4 Bd4 23. Rg2 Qd7 24. Qd1 Raf8 25. Bh6 Bg7 26. Bd2 Qf7 27.
Rgg1 Qf3 28. Qxf3 Rxf3 29. h5 gxh5 30. Kd1 Bxb2 31. Rxg8+ Kxg8 32. Ke2 Rf6 33.
Rxh5 Bd4 34. Rg5+ Rg6 35. Rh5 Rg2+ 36. Kd1 Be5 37. Rh6 Rh2 38. Rxe6 Kf7 39. Rh6
Rxd2+ 40. Kxd2 Bf4+ 41. Kc3 Bxh6 42. d4 Bg7 43. Kd3 cxd4 44. a4 h5 45. Ke2 h4
46. Kf2 h3 47. Ke2 h2 48. Kd3 h1=Q 49. Kc4 Qc1+ 50. Kb4 Qc5# 0-1